Teaching Narrative

Narrative is everywhere and has unique powers: to enchant and inspire, to make sense of our lives and ourselves and to afford us an enriched understanding of alternative worlds and lives and of better futures - though narrative also has the potential to coerce and oppress. Narrative is at the centre...

Celý popis

Uloženo v:
Podrobná bibliografie
Médium: Elektronický zdroj E-kniha
Jazyk:angličtina
Vydáno: Cham : Springer International Publishing, 2018.
Vydání:1st ed. 2018.
Edice:Teaching the New English
Témata:
ISBN:9783319718293
On-line přístup: Získat plný text
Tagy: Přidat tag
Žádné tagy, Buďte první, kdo vytvoří štítek k tomuto záznamu!

MARC

LEADER 00000nam a22000005i 4500
003 SK-BrCVT
005 20220618103429.0
007 cr nn 008mamaa
008 180412s2018 gw | s |||| 0|eng d
020 |a 9783319718293 
024 7 |a 10.1007/978-3-319-71829-3  |2 doi 
035 |a CVTIDW14612 
040 |a Springer-Nature  |b eng  |c CVTISR  |e AACR2 
041 |a eng 
245 1 0 |a Teaching Narrative  |h [electronic resource] /  |c edited by Richard Jacobs. 
250 |a 1st ed. 2018. 
260 1 |a Cham :  |b Springer International Publishing,  |c 2018. 
300 |a XV, 214 p.  |b online resource. 
490 1 |a Teaching the New English 
500 |a Literature, Cultural and Media Studies  
505 0 |a 1. Introduction; Richard Jacobs -- 2. Time, Narrative and Culture; Mark Currie -- 3. Talking Race and Narrative with Undergraduate Students; Sue J. Kim -- 4. The Ethics of Teaching Tragedy; Sean McEvoy -- 5. Teaching Comic Narrative; Rachel Trousdale -- 6. Teaching Crime Narratives: Historicizing Genre and the Politics of Form; Will Norman -- 7.Teaching Historical Fiction: Hilary Mantel and the Protestant Reformation; Mark Eaton -- 8.The Way They Lived Then: Using Wikis to Teach Victorian Novels; Ellen Rosenman -- 9. Digital Humanities in the Teaching of Narrative; Suzanne Keen -- 10.The Work of Narrative in the Age of Digital Interaction: Revolutions in Practice and Pedagogy; Alec Charles -- 11. Empowering Students as Researchers: Autoethnographic Approaches to Teaching and Learning Creative Writing; Jess Moriarty -- 12. Narrative and Narratives: Designing and Delivering a First-year Undergraduate Narrative Module; Richard Jacobs. 
516 |a text file PDF 
520 |a Narrative is everywhere and has unique powers: to enchant and inspire, to make sense of our lives and ourselves and to afford us an enriched understanding of alternative worlds and lives and of better futures - though narrative also has the potential to coerce and oppress. Narrative is at the centre at all stages of the English curriculum and has been the subject of a burgeoning critical industry. This timely volume addresses the many ways in which recent thinking has informed the teaching of narrative in university classrooms in the UK and the USA. Distinguished teachers from both countries range widely across narrative topics and genres, including the opportunities opened up by new technologies, and chapters articulate students' own individual and collaborative experiences in the teaching/learning process. The result is a volume that explores the pleasurable challenges of working with students to help them appreciate and assess the power that narrative exerts, to become reflective critics of its inner workings as well as exponents of narrative themselves. . 
650 0 |a Literature-Philosophy. 
650 0 |a Motion pictures and television. 
856 4 0 |u http://hanproxy.cvtisr.sk/han/cvti-ebook-springer-eisbn-978-3-319-71829-3  |y Vzdialený prístup pre registrovaných používateľov 
910 |b ZE11892 
919 |a 978-3-319-71829-3 
974 |a andrea.lebedova  |f Elektronické zdroje 
992 |a SUD 
999 |c 245777  |d 245777